Les ministres de l'Agriculture de la Ve République - Statistiques

Statistiques générales
  • Ce quiz a été pris 89 fois
  • Le résultat moyen est 11 sur 38
Statistiques - réponses
Intitulé du Ministère Début de fonction Fin de fonction Ministre % Correct
Ministre de l'Agriculture et de la Souveraineté alimentaire 20 mai 2022 En cours Marc Fesneau
72%
Ministre de l'Agriculture et de l'Agroalimentaire 16 mai 2012 18 juin 2012 Stéphane Le Foll
69%
Ministre de l'Agriculture, de l'Agroalimentaire et de la Forêt 21 juin 2012 2 avril 2014 Stéphane Le Foll
69%
Ministre de l'Agriculture, de l'Agroalimentaire et de la Forêt, Porte-parole du Gouvernement 2 avril 2014 10 mai 2017 Stéphane Le Foll
69%
Ministre de l'Agriculture et de l'Alimentation 6 juillet 2020 20 mai 2022 Julien Denormandie
57%
Ministre de l'Agriculture et du Développement rural 6 juillet 1972 27 février 1974 Jacques Chirac
56%
Ministre de l'Agriculture, de l'Alimentation et de la Pêche 23 juin 2009 13 novembre 2010 Bruno Le Maire
54%
Ministre de l'Agriculture, de l'Alimentation, de la Pêche, de la Ruralité et de l'Aménagement du territoire 13 novembre 2010 10 mai 2012 Bruno Le Maire
54%
Ministre de l'Agriculture 22 mai 1981 22 mars 1983 Édith Cresson
41%
Ministre de l'Agriculture et de l'Alimentation 16 octobre 2018 3 juillet 2020 Didier Guillaume
38%
Ministre de l'Agriculture 20 mars 1986 10 mai 1988 François Guillaume
38%
Ministre de l'Agriculture et de l'Alimentation 21 juin 2017 16 octobre 2018 Stéphane Travert
38%
Ministre de l'Agriculture et de l'Alimentation 17 mai 2017 21 juin 2017 Jacques Mézard
33%
Ministre de l'Agriculture et de la Pêche 19 juin 2007 23 juin 2009 Michel Barnier
28%
Ministre de l'Agriculture 22 mars 1983 4 avril 1985 Michel Rocard
28%
Ministre de l'Agriculture 24 août 1961 8 janvier 1966 Edgard Pisani
25%
Ministre de l'Agriculture et de la Pêche 4 juin 1997 20 octobre 1998 Louis Le Pensec
23%
Ministre de l'Agriculture et de la Pêche 18 mai 2007 18 juin 2007 Christine Lagarde
21%
Ministre de l'Agriculture, de
l'Alimentation, de la Pêche et
des Affaires rurales
29 novembre 2004 31 mai 2005 Dominique Bussereau
20%
Ministre de l'Agriculture et de la Pêche 2 juin 2005 15 mai 2007 Dominique Bussereau
20%
Ministre de l'Agriculture 4 avril 1985 20 mars 1986 Henri Nallet
18%
Ministre de l'Agriculture et de la Forêt 12 mai 1988 2 octobre 1990 Henri Nallet
18%
Ministre de l'Agriculture et de la Pêche 20 octobre 1998 25 février 2002 Jean Glavany
18%
Ministre de l'Agriculture et de la Pêche 30 mars 1993 11 mai 1995 Jean Puech
18%
Ministre de l'Agriculture, de l'Alimentation, de la Pêche et des Affaires rurales 7 mai 2002 29 novembre 2004 Hervé Gaymard
16%
Ministre de l'Agriculture 8 janvier 1966 10 juillet 1968 Edgar Faure
13%
Ministre de l'Agriculture et de la Pêche 25 février 2002 6 mai 2002 François Patriat
13%
Ministre de l'Agriculture et du Développement rural 2 octobre 1992 29 mars 1993 Jean-Pierre Soisson
13%
Ministre de l'Agriculture et de la Forêt 2 octobre 1990 2 octobre 1992 Louis Mermaz
13%
Ministre de l'Agriculture et du Développement rural 1er mars 1974 27 mai 1974 Raymond Marcellin
13%
Ministre de l'Agriculture 12 juillet 1968 20 juin 1969 Robert Boulin
13%
Ministre de l'Agriculture, de la Pêche et de l'Alimentation 18 mai 1995 2 juin 1997 Philippe Vasseur
11%
Ministre de l'Agriculture 30 mars 1977 13 mai 1981 Pierre Méhaignerie
11%
Ministre de l'Agriculture 28 mai 1974 29 mars 1977 Christian Bonnet
10%
Ministre de l'Agriculture 22 juin 1969 7 janvier 1971 Jacques Duhamel
7%
Ministre de l'Agriculture 8 janvier 1959 27 mai 1959 Roger Houdet
5%
Ministre de l'Agriculture 28 mai 1959 24 août 1961 Henri Rochereau
3%
Ministre de l'Agriculture 7 janvier 1971 5 juillet 1972 Michel Cointat
3%
Aucun quiz correspondant
Distribution des résultats
% des personnes avec chaque résultat
Percentile par nombre de réponses
Votre historique - résultats
Vous n’avez pas pris ce quiz